| 000 | 00858cam a22002534a 4500 | ||
|---|---|---|---|
| 001 | 107268 | ||
| 005 | 20230410130935.0 | ||
| 008 | 010913s1989 nyu 000 1 eng | ||
| 035 | _a12533307 | ||
| 020 | _a0312420285 | ||
| 040 |
_aDLC _cDLC _dDLC |
||
| 041 | 1 |
_aeng _hspa |
|
| 050 | 1 | 4 |
_aPQ 8498.32 _bV297s 1989 |
| 082 | 0 | 0 | _a863/.64 |
| 100 | 1 |
_aVargas Llosa, Mario, _d1936- |
|
| 240 | 1 | 0 |
_aHablador. _lEnglish |
| 245 | 1 | 4 |
_aThe storyteller / _cMario Vargas Llosa ; translated by Helen Lane. |
| 260 |
_aNew York : _bPicador; Farrar, Straus and Giroux , _c[1989?]. |
||
| 300 |
_a245 p. ; _c21 cm. |
||
| 700 | 1 | _aLane, Helen R. | |
| 856 | 4 | 2 |
_3Contributor biographical information _uhttp://www.loc.gov/catdir/bios/hol054/2001038745.html |
| 856 | 4 | 2 |
_3Publisher description _uhttp://www.loc.gov/catdir/description/hol042/2001038745.html |
| 942 |
_2lcc _cbk |
||
| 999 |
_c83164 _d83164 |
||